00586nam a2200181Ia 4500003000900000008004100009020001800050040001600068080002300084100002600107245009100133260003700224300001300261490005100274650002500325650003300350650002100383IN-BaIIA211028s9999 xx 000 0 eng d a1-4020-1538-0 cIIA Library a52(082.1)bASS-297 aMiroshnichenko, L. I. 0aRadiation hazard in spacecL. I. Miroshnichenko  aDordrechtbKluwer Academicc2003 ax, 238p. aAstrophysics and space science library; v. 297 aGalactic cosmic rays aRadiation condition in Space aRadiation hazard